000
00307nam a22001337a 4500
008
170712b xxu||||| |||| 00| 0 eng d
020
_a
0822603896
041
_a
eng
080
_a
FJA
100
_a
23
101
_a
FJA
245
_a
THE DICTIONARY OF ESSENTIAL QUOTATIONS
_c
JACKSON, K.G
942
_2
udc
_c
BK
999
_c
20326
_d
20326